Marvel & DC Films - Statistics

General Stats
  • This quiz has been taken 482 times
    133 since last reset
  • The average score is 91 of 135
Answer Stats
Marvel/DC Release Movie % Correct
DC 1966 | 1989 Batman
100%
DC 1978 | 2025 Superman
100%
Marvel 2002 Spider-Man
95%
Marvel 2008 Iron Man
93%
Marvel 2008 The Incredible Hulk
91%
Marvel 2011 Thor
91%
Marvel 2010 Iron Man 2
89%
Marvel 2012 The Avengers
89%
Marvel 2015 Ant-Man
86%
Marvel 1990 Captain America
86%
Marvel 2005 | 2015 Fantastic Four
86%
Marvel 1994 The Fantastic Four
86%
DC 2023 The Flash
86%
Marvel 2017 Thor: Ragnarok
86%
DC 2017 Wonder Woman
86%
Marvel 2019 Avengers: Endgame
84%
Marvel 2018 Black Panther
84%
Marvel 2016 Captain America: Civil War
84%
Marvel 2016 Deadpool
84%
Marvel 2014 Guardians of the Galaxy
84%
Marvel 2013 Iron Man 3
84%
Marvel 2004 Spider-Man 2
84%
Marvel 2007 Spider-Man 3
84%
Marvel 2019 Spider-Man: Far From Home
84%
Marvel 2017 Spider-Man: Homecoming
84%
Marvel 2012 The Amazing Spider-Man
84%
Marvel 2022 Thor: Love and Thunder
84%
Marvel 2018 Ant-Man and The Wasp
82%
Marvel 2018 Avengers: Infinity War
82%
Marvel 2017 Guardians of the Galaxy Vol. 2
82%
Marvel 2003 Hulk
82%
Marvel 2021 Spider-Man: No Way Home
82%
DC 2008 The Dark Knight
82%
Marvel 2013 Thor: The Dark World
82%
Marvel 2000 X-Men
82%
Marvel 2015 Avengers: Age of Ultron
80%
Marvel 2026 Avengers: Doomsday
80%
Marvel 2019 Captain Marvel
80%
Marvel 2018 Deadpool 2
80%
Marvel 2014 The Amazing Spider-Man 2
80%
DC 2005 Batman Begins
77%
DC 1997 Batman & Robin
77%
Marvel 2021 Black Widow
77%
Marvel 2014 Captain America: The Winter Soldier
77%
Marvel 2024 Deadpool & Wolverine
77%
DC 2017 Justice League
77%
DC 2018 Aquaman
75%
Marvel 2022 Black Panther: Wakanda Forever
75%
Marvel 2016 Doctor Strange
75%
Marvel 2021 Eternals
75%
DC 2013 Man of Steel
75%
DC 2016 Suicide Squad
75%
DC 1981 Superman II
75%
Marvel 2013 The Wolverine
75%
Marvel 2025 Thunderbolts*
75%
Marvel 2003 X2
75%
Marvel 2003 Daredevil
73%
Marvel 2023 Guardians of the Galaxy Vol. 3
73%
DC 1983 Superman III
73%
DC 2016 Batman v Superman: Dawn of Justice
70%
Marvel 2025 Captain America: Brave New World
70%
Marvel 2021 Shang-Chi and The Legend of The Ten Rings
70%
DC 2012 The Dark Knight Rises
70%
Marvel 2023 The Marvels
70%
Marvel 2016 X-Men: Apocalypse
70%
Marvel 2023 Ant-Man and The Wasp: Quantumania
68%
Marvel 2027 Avengers: Secret Wars
68%
Marvel 2019 Dark Phoenix
68%
Marvel 2005 Elektra
68%
Marvel 2007 Fantastic Four: Rise of the Silver Surfer
68%
DC 2019 Joker
68%
Marvel 2017 Logan
68%
DC 1984 Supergirl
68%
DC 2026 Supergirl: Woman of Tomorrow
68%
Marvel 2011 Captain America: The First Avenger
66%
DC 2011 Green Lantern
66%
Marvel 2025 The Fantastic Four: First Steps
66%
Marvel 2018 Venom
66%
Marvel 2009 X-Men Origins: Wolverine
66%
Marvel 2026 Spider-Man: Brand New Day
64%
Marvel 2018 Spider-Man: Into the Spider-Verse
64%
DC 2022 The Batman
64%
DC 2020 Wonder Woman 1984
64%
Marvel 2014 X-Men: Days of Future Past
64%
Marvel 2011 X-Men: First Class
64%
Marvel 1998 Blade
61%
Marvel 2022 Doctor Strange in the Multiverse of Madness
61%
DC 2019 Shazam!
61%
DC 1995 Batman Forever
59%
DC 1992 Batman Returns
59%
Marvel 1989 | 2004 The Punisher
59%
Marvel 2021 Venom: Let There Be Carnage
59%
Marvel 2006 X-Men: The Last Stand
59%
Marvel 1986 Howard the Duck
57%
Marvel 2024 Madame Web
57%
DC 2021 The Suicide Squad
57%
Marvel 2024 Venom: The Last Dance
57%
Marvel 2002 Blade II
55%
DC 2023 Blue Beetle
55%
DC 2023 Shazam! Fury of the Gods
55%
Marvel 2023 Spider-Man: Across the Spider-Verse
55%
DC 2006 Superman Returns
55%
DC 2022 Black Adam
52%
Marvel 2004 Blade: Trinity
52%
Marvel 2024 Kraven the Hunter
52%
DC 2023 Aquaman and the Lost Kingdom
50%
Marvel 2007 Ghost Rider
50%
Marvel 2022 Morbius
50%
DC 1982 Swamp Thing
50%
Marvel 2020 The New Mutants
50%
DC 2026 Clayface
48%
DC 2024 Joker: Folie à Deux
48%
DC 2020 Birds of Prey
43%
DC 1987 Superman IV: The Quest for Peace
43%
DC 2004 Catwoman
41%
Marvel 2012 Ghost Rider: Spirit of Vengeance
41%
Marvel 2008 Punisher: War Zone
41%
Marvel 2014 Big Hero 6
39%
DC 2005 Constantine
39%
DC 2021 Zack Snyder's Justice League
39%
DC 1989 The Return of Swamp Thing
36%
DC 1951 Superman and the Mole Men
34%
DC 2027 The Batman Part II
34%
DC 2009 Watchmen
32%
DC 2022 DC League of Super-Pets
30%
DC 2010 Jonah Hex
30%
DC 1997 Steel
30%
DC 1993 Batman: Mask of the Phantasm
27%
DC 2017 The LEGO Batman Movie
27%
DC 2028 Dynamic Duo
23%
Marvel 2018 Once Upon A Deadpool
16%
No matching quizzes found
Score Distribution
Percent of People with Each Score
Percentile by Number Answered
Your Score History
You have not taken this quiz since the last reset